000
00342nam a2200145Ia 4500
008
191201s2005 xx 000 0 und d
082
_a
629.2
_b
SIA
100
_a
SINGH, R K
245
0
_a
Automobile Engineering
250
_a
2nd
260
_a
N.Delhi
_b
S K Kataria and Sons
_c
2005
300
_a
319
650
_a
B.Tech(ME)
942
_2
ddc
_c
BK
999
_c
1147
_d
1147